000 00361nam a2200121Ia 4500
008 220216s9999 xx 000 0 und d
100 _aMurray R M
245 0 _aEthylene/acrylic rubber technical developments
260 _bProceedings of the International Rubber Conference, Venice, 1979; p291-295
700 _aAbell W R
700 _aHagman J F
942 _cJS
999 _c58868
_d58868